006180000a220008500045001000025000002450077000253000052001025200333001547730045004871 aOsorio, Juan Esteban10aLos viejos narcos en la ruina : Un detrás de cámaras a la decadencia aVol.0, núm.24 (Septiembre, 2007), Página 33 a¿Por qué tomar fotografías en una de las casas de Rodríguez Gacha? ¿Es necesario rescatar la memoria en ruinas de los narcos? Severa vigilancia es la exposición que el caleño François Bucher presenta en un inquietante espacio en trámite de extinción de dominio, hoy sede itinerante de la galería Alcuadrado.0 tArcadia / Andrés Felipe Solano, Editor